Oystercatchers / (Record no. 23808)

MARC details
000 -LEADER
fixed length control field 02956nam a22003731 4500
005 - DATE AND TIME OF LATEST TRANSACTION
control field 20050808122104.0
008 - FIXED-LENGTH DATA ELEMENTS--GENERAL INFORMATION
fixed length control field 721219s1962 nyu 000 0 eng
010 ## - LCCN (DPL NO)
LC control number B-347239-250
020 ## - INTERNATIONAL STANDARD BOOK NUMBER
International Standard Book Number 9780007190263
Terms of availability 295.00
020 ## - INTERNATIONAL STANDARD BOOK NUMBER
International Standard Book Number 9780007190263
Terms of availability 295.00
035 ## - SYSTEM CONTROL NUMBER
System control number B-347239-250
037 ## - SOURCE OF ACQUISITION
Source of stock number/acquisition Aakar Books
040 ## - CATALOGING SOURCE
Original cataloging agency dpl
Language of cataloging English
082 ## - DEWEY DECIMAL CLASSIFICATION NUMBER
Classification number N
100 ## - MAIN ENTRY--PERSONAL NAME
Personal name Fletcher, Susan
245 ## - TITLE STATEMENT
Title Oystercatchers /
Statement of responsibility, etc by Susan Fletcher
260 ## - PUBLICATION, DISTRIBUTION, ETC. (IMPRINT)
Place of publication, distribution, etc London
Name of publisher, distributor, etc Harper Perennial
Date of publication, distribution, etc 2008
270 ## - ADDRESS
Address 77-85, Fulham Palace Road,Hammersmith
City London
Postal code W6 8JB
300 ## - PHYSICAL DESCRIPTION
Extent 371p
Dimensions 18 cm (pbk)
942 ## - ADDED ENTRY ELEMENTS (KOHA)
Source of classification or shelving scheme Dewey Decimal Classification
Item type English Books
Classification part N
Call number suffix FLE
Holdings
Withdrawn status Lost status Source of classification or shelving scheme Damaged status Not for loan Collection code Home library Current library Date acquired Source of acquisition Cost, normal purchase price Total Checkouts Full call number Barcode Date last seen Copy number Cost, replacement price Koha item type Total Renewals
    Dewey Decimal Classification     Fiction Bawana Bawana 25/09/2009 Aakar Books /I-172/22.6.09/18/6.7.09/6.7.09 295.00 2 N FLE B-347249 28/10/2020 1 295.00 English Books 1
  Written-off vide DLB M. No. 383 dt 16.05.19 Dewey Decimal Classification     Fiction Central Library Central Library 25/09/2009 Aakar Books /I-172/22.6.09/18/6.7.09/6.7.09 295.00   N FLE B-347239 25/09/2009 1 295.00 English Books  
    Dewey Decimal Classification     Fiction Janak Puri Janak Puri 25/09/2009 Aakar Books /I-172/22.6.09/18/6.7.09/6.7.09 295.00 35 N FLE B-347244 22/07/2016 1 295.00 English Books  
    Dewey Decimal Classification     Fiction Karol Bagh Karol Bagh 25/09/2009 Aakar Books /I-172/22.6.09/18/6.7.09/6.7.09 295.00 1 N FLE B-347247 17/10/2017 1 295.00 English Books  
    Dewey Decimal Classification     Fiction Mobile Library Mobile Library 25/09/2009 Aakar Books /I-172/22.6.09/18/6.7.09/6.7.09 295.00   N FLE B-347240 25/09/2009 2 295.00 English Books  
    Dewey Decimal Classification     Fiction Mobile Library Mobile Library 25/09/2009 Aakar Books /I-172/22.6.09/18/6.7.09/6.7.09 295.00   N FLE B-347241 25/09/2009 2 295.00 English Books  
  Written-off vide DLB M. No. 383 dt 16.05.19 Dewey Decimal Classification     Fiction Narela Narela 25/09/2009 Aakar Books /I-172/22.6.09/18/6.7.09/6.7.09 295.00   N FLE B-347248 25/09/2009 1 295.00 English Books  
  Written-off vide DLB M. No. 383 dt 16.05.19 Dewey Decimal Classification     Fiction Patel Nagar Patel Nagar 25/09/2009 Aakar Books /I-172/22.6.09/18/6.7.09/6.7.09 295.00   N FLE B-347242 25/09/2009 1 295.00 English Books  
    Dewey Decimal Classification     Fiction Peshwa Road Peshwa Road 25/09/2009 Aakar Books /I-172/22.6.09/18/6.7.09/6.7.09 295.00   N FLE B-347243 25/09/2009 1 295.00 English Books  
    Dewey Decimal Classification     Fiction Sarojini Nagar Sarojini Nagar 25/09/2009 Aakar Books /I-172/22.6.09/18/6.7.09/6.7.09 295.00   N FLE B-347245 25/09/2009 1 295.00 English Books  
    Dewey Decimal Classification     Fiction Shahdara Branch Shahdara Branch 25/09/2009 Aakar Books /I-172/22.6.09/18/6.7.09/6.7.09 295.00 2 N FLE B-347250 27/10/2025 1 295.00 English Books 1
    Dewey Decimal Classification     Fiction Vinoba Puri Vinoba Puri 25/09/2009 Aakar Books /I-172/22.6.09/18/6.7.09/6.7.09 295.00 15 N FLE B-347246 15/01/2019 1 295.00 English Books 5

© Delhi Public Library
Hit Counter
free hit counter